| 000 -ლიდერი |
| ფიქსირებული სიგრძის საკონტროლო ველი |
01253nam a2200253Ia 4500 |
| 001 - საკონტროლო ნომერი |
| საკონტროლო ველი |
8059 |
| 003 - საკონტროლო ნომრის იდენტიფიკატორი |
| საკონტროლო ველი |
GE_BSU |
| 005 - ბოლო ოპერაციის თარიღი და დრო |
| საკონტროლო ველი |
20200116160529.0 |
| 008 - ფიქსირებული სიგრძის მონაცემთა ელემენტები - ზოგადი ინფორმაცია |
| ფიქსირებული სიგრძის საკონტროლო ველი |
181216s2013||||ge |||||||||||||| ||geo|| |
| 020 ## - წიგნის საერთაშორისო სტანდარტული ნომერი |
| International Standard Book Number |
9789941930751 |
| 040 ## - კატალოგიზაციის წყარო |
| Transcribing agency |
GE_BSU |
| 041 ## - ენის კოდი |
| Language code of text/sound track or separate title |
geo |
| 080 ## - უნივერსალური ათობითი კლასიფიკაციის ინდექსი |
| Universal Decimal Classification number |
821.411.16-1 ა–99 |
| 100 ## - მთავარი ჩანაწერი - პიროვნების სახელი |
| Personal name |
აჯიაშვილი, ჯემალ |
| 9 (RLIN) |
6167 |
| 245 ## - ცნობა სათაურის შესახებ |
| Title |
ცით ჩამომესმა ჰანგი ქებული : |
| Remainder of title |
ლექსები, თარგმანები, ამონარიდები / |
| Statement of responsibility, etc |
ჯემალ აჯიაშვილი ; პროექტის ავტ. და შემდგ. მაყვალა გონაშვილი ; ფოტოების ავტ. დემიკო ლოლაძე. |
| 264 ## - წარმოების, გამოცემის, დისტრიბუციის და სხვა ცნობები |
| გამოცემის, წარმოების, დისტრიბუციის... ადგილი |
თბილისი : |
| გამოცემის, წარმოების, დისტრიბუციის... სახელწოდება |
მერანი, |
| გამოცემის, წარმოების, დისტრიბუციის... თარიღი |
2013. |
| 300 ## - ფიზიკური აღწერა |
| Extent |
136 გვ.: |
| Other physical details |
ილ.; |
| Dimensions |
30 სმ. |
| 653 ## - INDEX TERM--UNCONTROLLED |
| Uncontrolled term |
ლექსები |
| 653 ## - INDEX TERM--UNCONTROLLED |
| Uncontrolled term |
ამონარიდები |
| 653 ## - INDEX TERM--UNCONTROLLED |
| Uncontrolled term |
მხატვრული ლიტერატურა |
| 700 ## - ADDED ENTRY--PERSONAL NAME |
| Personal name |
გონაშვილი, მაყვალა |
| Relator term |
შემდგენელი |
| 9 (RLIN) |
88 |
| 700 ## - ADDED ENTRY--PERSONAL NAME |
| Personal name |
ლოლაძე, დემიკო |
| Relator term |
ფოტო |
| 9 (RLIN) |
6168 |
| 942 ## - ADDED ENTRY ELEMENTS (KOHA) |
| Koha item type |
წიგნი |
| Source of classification or shelving scheme |
|